[Event "ESP-ch U10"]
[Site "Salobrena"]
[Date "2023.07.06"]
[Round "6"]
[White "Bru Montoya, Pau"]
[Black "De Pablos Vicente, Angel"]
[Result "1/2-1/2"]
[WhiteElo "1647"]
[BlackElo "1288"]
[PlyCount "62"]
[EventDate "2023.07.03"]
[EventType "swiss"]
[EventRounds "9"]
[EventCountry "ESP"]
[SourceTitle "EXT 2024"]
[Source "ChessBase"]
[SourceDate "2023.10.10"]
[SourceVersion "1"]
[SourceVersionDate "2023.10.10"]
[SourceQuality "1"]

1. e4 e5 2. Nf3 Nf6 3. Nxe5 d6 4. Nf3 Nxe4 5. Nc3 Nxc3 6. dxc3 d5 7. Bd3 Be7 8. Bf4 0-0 9. 0-0 Bg4 10. Kh1 Nd7 11. Be2 Nf6 12. Ne5 Bxe2 13. Qxe2 Bd6 14. Nd3 Bxf4 15. Nxf4 Re8 16. Qd3 Qd6 17. Ne2 Re7 18. Ng3 g6 19. f3 Rae8 20. Qd2 Kg7 21. Rae1 Rxe1 22. Rxe1 Rxe1+ 23. Qxe1 Qe6 24. Qxe6 fxe6 25. Kg1 Kf7 26. Kf2 Ke7 27. Ke3 Kd6 28. Ne2 b6 29. h4 c6 30. g4 h6 31. Nc1 g5 1/2-1/2

[Event "ESP-ch U10"]
[Site "Salobrena"]
[Date "2023.07.05"]
[Round "4"]
[White "Bru Montoya, Pau"]
[Black "Lema Fernandez, Javier"]
[Result "1-0"]
[WhiteElo "1647"]
[BlackElo "1305"]
[PlyCount "82"]
[EventDate "2023.07.03"]
[EventType "swiss"]
[EventRounds "9"]
[EventCountry "ESP"]
[SourceTitle "EXT 2024"]
[Source "ChessBase"]
[SourceDate "2023.10.10"]
[SourceVersion "1"]
[SourceVersionDate "2023.10.10"]
[SourceQuality "1"]

1. e4 e5 2. Nf3 Nc6 3. d4 exd4 4. Bc4 Bc5 5. c3 Nf6 6. cxd4 Bb4+ 7. Bd2 Nxe4 8. Bxb4 Nxb4 9. Bxf7+ Kxf7 10. Qb3+ d5 11. Ne5+ Ke6 12. Qxb4 Qf8 13. Qxf8 Rxf8 14. Nc3 Nxc3 15. bxc3 b6 16. f3 Bb7 17. Kd2 Rae8 18. Rhe1 Kd6 19. Re3 Re7 20. Rae1 Rfe8 21. f4 g6 22. g4 Bc8 23. h4 h5 24. gxh5 gxh5 25. Rg3 Rf8 26. c4 Rxf4 27. c5+ bxc5 28. dxc5+ Ke6 29. Ng6+ Re4 30. Rxe4+ dxe4 31. Nxe7 Kxe7 32. Rg7+ Kd8 33. Ke3 Bg4 34. Rxg4 hxg4 35. Kxe4 Ke7 36. Kf4 g3 37. Kxg3 Kf6 38. Kg4 Kg6 39. c6 a5 40. a4 Kh6 41. Kf5 Kh5 1-0

[Event "Foment Martinenc op-B 23rd"]
[Site "Barcelona"]
[Date "2023.05.13"]
[Round "4"]
[White "Vardanyan Asilbekyan, Ani"]
[Black "Bru Montoya, Pau"]
[Result "0-1"]
[WhiteElo "1488"]
[BlackElo "1603"]
[PlyCount "166"]
[EventDate "2023.04.22"]
[EventType "swiss"]
[EventRounds "9"]
[EventCountry "ESP"]
[SourceTitle "EXT 2024"]
[Source "ChessBase"]
[SourceDate "2023.10.10"]
[SourceVersion "1"]
[SourceVersionDate "2023.10.10"]
[SourceQuality "1"]

1. e4 e5 2. Nf3 Nc6 3. d4 exd4 4. Nxd4 Nf6 5. Nxc6 bxc6 6. e5 Qe7 7. Qe2 Nd5 8. c4 Ba6 9. a3 Nb6 10. b3 d5 11. exd6 Qxe2+ 12. Bxe2 cxd6 13. Nc3 Be7 14. Bf4 0-0 15. 0-0-0 d5 16. Kb2 dxc4 17. b4 Bf6 18. Kc2 Bxc3 19. Kxc3 Nd5+ 20. Rxd5 cxd5 21. Bf3 Rfd8 22. Be3 Rac8 23. Rd1 Bb7 24. a4 Rd6 25. a5 a6 26. Bc5 Rdd8 27. Rd4 f6 28. Bb6 Rd6 29. Bc5 Rdd8 30. Bb6 Re8 31. Bxd5+ Bxd5 32. Rxd5 Re5 33. Rc5 Rexc5 34. bxc5 Kf7 35. Kxc4 Ke6 36. Kd4 g5 37. g4 Rc6 38. Ke4 Rc8 39. Kd4 h6 40. Ke4 Rc6 41. Kd4 Kd7 42. Ke4 Re6+ 43. Kd5 Re5+ 44. Kd4 Kc6 45. h3 Re2 46. f3 Rh2 47. Ke4 Rxh3 48. Ke3 Rh1 49. Ke4 Re1+ 50. Kf5 Re3 51. Kxf6 Rxf3+ 52. Kg6 Rf4 53. Kh5 Rf6 54. Bd8 Re6 55. Bb6 Kb5 56. Bc7 Kxc5 57. Bd8 Kb5 58. Bc7 Kc6 59. Bd8 Kb5 60. Bc7 Ka4 61. Bb6 Kb4 62. Bc7 Rc6 63. Bb6 Kb5 64. Bd8 Rc4 65. Bb6 Rb4 66. Bd8 Ra4 67. Bc7 Kc6 68. Bb6 Kb5 69. Bd8 Rd4 70. Bb6 Rd6 71. Bc7 Re6 72. Bd8 Kc4 73. Bb6 Kd5 74. Bd8 Ke4 75. Bb6 Kf3 76. Bc7 Re4 77. Kxh6 Kxg4 78. Bd8 Re6+ 79. Kg7 Kf5 80. Bb6 g4 81. Kf7 g3 82. Bd4 g2 83. Bc5 Re1 0-1

[Event "ESP-ch U10"]
[Site "Salobrena"]
[Date "2022.07.08"]
[Round "8"]
[White "Bru Montoya, Pau"]
[Black "Gonzalez Lopez, Lucas I"]
[Result "1/2-1/2"]
[WhiteElo "1360"]
[BlackElo "1612"]
[PlyCount "115"]
[EventDate "2022.07.04"]
[EventType "swiss"]
[EventRounds "9"]
[EventCountry "ESP"]
[SourceTitle "EXT 2023"]
[Source "ChessBase"]
[SourceDate "2022.10.05"]
[SourceVersion "1"]
[SourceVersionDate "2022.10.05"]
[SourceQuality "1"]

1. e4 c5 2. c3 Nf6 3. e5 Nd5 4. d4 cxd4 5. cxd4 d6 6. Nf3 Nc6 7. Bc4 e6 8. 0-0 Be7 9. Qe2 0-0 10. Qe4 Ndb4 11. exd6 Bxd6 12. Ng5 g6 13. Qh4 h5 14. g4 Nxd4 15. gxh5 Qxg5+ 16. Qxg5 Nf3+ 17. Kh1 Nxg5 18. Bxg5 Nc2 19. Bh6 Rd8 20. Nc3 Nxa1 21. Rxa1 Kh7 22. Bg5 Re8 23. Nb5 Be5 24. f4 Bb8 25. h6 a6 26. Nc3 b5 27. Bd3 Bb7+ 28. Be4 Bxe4+ 29. Nxe4 Rc8 30. Rd1 Ra7 31. Rd3 f5 32. Nf6+ Kh8 33. Rh3 Rf7 34. h7 Rcf8 35. Rd3 Bxf4 36. Bxf4 Rxf6 37. Be5 Kxh7 38. Bxf6 Rxf6 39. Rd6 f4 40. Kg2 Rf5 41. Rxe6 a5 42. Kf3 Rh5 43. Re2 Rf5 44. Kg4 Kh6 45. Rf2 a4 46. a3 f3 47. h4 Rf6 48. Rxf3 Rxf3 49. Kxf3 Kh5 50. Kg3 g5 51. hxg5 Kxg5 52. Kf3 Kf5 53. Ke3 Ke5 54. Kd3 Kd5 55. Kc3 Kc5 56. b3 axb3 57. Kxb3 Kd5 58. Kc3 1/2-1/2

[Event "Foment Martinenc op-B 22nd"]
[Site "Barcelona"]
[Date "2022.05.28"]
[Round "6"]
[White "Garcia Cachinero, Jesus"]
[Black "Bru Montoya, Pau"]
[Result "1-0"]
[WhiteElo "1429"]
[BlackElo "1215"]
[PlyCount "49"]
[EventDate "2022.04.23"]
[EventType "swiss"]
[EventRounds "9"]
[EventCountry "ESP"]
[SourceTitle "EXT 2023"]
[Source "ChessBase"]
[SourceDate "2022.10.05"]
[SourceVersion "1"]
[SourceVersionDate "2022.10.05"]
[SourceQuality "1"]

1. Nf3 d5 2. d4 Nf6 3. Nc3 e6 4. a3 Bd6 5. e3 0-0 6. Nb5 b6 7. Nxd6 Qxd6 8. h3 Bb7 9. Bd3 Nbd7 10. c3 Rfe8 11. Qc2 e5 12. Bf5 e4 13. Nd2 Ba6 14. c4 dxc4 15. Bxd7 Qxd7 16. Nb1 Qd5 17. Nc3 Qg5 18. Rg1 Bc8 19. Bd2 Bxh3 20. 0-0-0 Bg4 21. Rde1 Rad8 22. Qa4 Qh4 23. Ref1 Nd5 24. Nxd5 Rxd5 25. Qxe8# 1-0

[Event "Foment Martinenc op-B 22nd"]
[Site "Barcelona"]
[Date "2022.05.14"]
[Round "4"]
[White "Vazquez Zueras, Ruben"]
[Black "Bru Montoya, Pau"]
[Result "0-1"]
[WhiteElo "1632"]
[BlackElo "1215"]
[PlyCount "58"]
[EventDate "2022.04.23"]
[EventType "swiss"]
[EventRounds "9"]
[EventCountry "ESP"]
[SourceTitle "EXT 2023"]
[Source "ChessBase"]
[SourceDate "2022.10.05"]
[SourceVersion "1"]
[SourceVersionDate "2022.10.05"]
[SourceQuality "1"]

1. e4 e5 2. f4 d6 3. Nf3 Bg4 4. Bc4 Nc6 5. c3 Be7 6. 0-0 Nf6 7. d3 Qd7 8. a4 exf4 9. Bxf4 Ne5 10. Ba2 Nxf3+ 11. gxf3 Bh3 12. Rf2 Nh5 13. Bg3 Nxg3 14. hxg3 h5 15. Qb3 0-0-0 16. Nd2 Be6 17. Qb5 c6 18. Qa5 Kb8 19. b4 h4 20. g4 h3 21. b5 Bxg4 22. bxc6 bxc6 23. Rb1+ Ka8 24. Nc4 Rb8 25. Nb6+ Rxb6 26. Rxb6 Bd8 27. Rfb2 Bxb6+ 28. Rxb6 h2+ 29. Kf2 h1Q 0-1